00715nam a2200217Ia 4500999001500000020001800015082001500033245004900048260002900097300001300126440004700139504001900186650002700205650002600232650003300258650003100291700002300322700002300345942000700368952012200375 c4539d4539 a0-387-23788-7 a306.6 HAN- 0aHandbook of religion and social institutions aNew YorkbSpringerc2005 axii, 439 aHandbooks of sociology and social research aincludes index aReligion and Sociology aReligion and politics aReligion and social problems aReligion and social status aKaplan, Howard B. aEbaugh, Helen Rose cBK 00104070aNASSDOCbNASSDOCd2006-02-08eABPLi2006-01-04l0o306.6 HAN-p41251r2019-04-18 00:00:00w2019-04-18yBK